| 000 | 01244nam a2200349 c 4500 | ||
|---|---|---|---|
| 003 | BLK | ||
| 005 | 20180420222254.0 | ||
| 008 | 180408b bul|||||r ||||||| ||bul|| | ||
| 010 | _aKNG00056725000 | ||
| 020 |
_a954-8134-19-5 _bиздат.: Фонд. Сатирик |
||
| 040 | _aBLK | ||
| 041 |
_aBUL _cBUL |
||
| 080 |
_aБългарска литература _b821.163.2 _x-7 _z821.163.2-7 |
||
| 080 |
_aКарикатура. Комикс _b741.5 _x(497.2)(084) _z741.5(497.2)(084) |
||
| 139 |
_aС усмивка към Европа _bС 11 |
||
| 245 | 1 | 0 | _aС усмивка към Европа |
| 257 | _aBGR | ||
| 260 |
_аСофия _bФонд. Сатирик _c2004 _fСофия : ПК Димитър Благоев |
||
| 300 |
_a64 с. _bс ил. _c21Х21 см |
||
| 380 | _aX | ||
| 500 | _aОфс. изд. - Съдържа и Кой кой е. | ||
| 650 | 4 |
_aКарикатура, българска - албуми _9284683 |
|
| 653 | _aсатира | ||
| 653 | _aкарикатури | ||
| 653 | _aБългария | ||
| 653 | _aалбуми | ||
| 852 | _aЦб 225568 | ||
| 856 | 4 |
_qpdf _u |
|
| 856 | 4 |
_qpdf _u |
|
| 942 |
_cKNG _n0 |
||
| 944 |
_aCR _c18.11.2005 _kЛюдмила_Стоянова |
||
| 944 |
_aED _c21.07.2015 _kИрена_Линкова |
||
| 999 |
_c52799 _d52799 |
||